000 00546nam a22002417a 4500
003 UA-OsUOA
001 22387
007 ta
008 20031219b un ||||| |||| 00| 0 ukr d
100 _aПлатон
090 _a141.131
_bП37
942 _cBK
040 _aUA-OsUOA
_brus
_cUA-OsUOA
_dUA-OsUOA
245 _aДиалоги
300 _a607 с.
955 _a2
041 _arus
080 _a141.131
260 _aМ.
_bМысль
_c1986
044 _aRU
650 7 _a1 Філософські науки
_2UDC
999 _c308605
_d308605